Water security in Peri-Urban South-Asia : (Record no. 138476)

MARC details
000 -LEADER
fixed length control field 00742nam a22002177a 4500
005 - DATE AND TIME OF LATEST TRANSACTION
control field 20170327122014.0
010 ## - LCCN (DPL NO)
LC control number ENG-117587
020 ## - INTERNATIONAL STANDARD BOOK NUMBER
International Standard Book Number 9780199464166
Terms of availability 895.00
020 ## - INTERNATIONAL STANDARD BOOK NUMBER
International Standard Book Number 0199464162
Terms of availability 895.00
035 ## - SYSTEM CONTROL NUMBER
System control number EN-101119
037 ## - SOURCE OF ACQUISITION
Source of stock number/acquisition DABD/PUB
082 ## - DEWEY DECIMAL CLASSIFICATION NUMBER
Classification number 333.910954
245 ## - TITLE STATEMENT
Title Water security in Peri-Urban South-Asia :
Statement of responsibility, etc edited by Vishal Narian [and] Anjal Prakash
Remainder of title adapting to climate change and urbanization /
260 ## - PUBLICATION, DISTRIBUTION, ETC. (IMPRINT)
Place of publication, distribution, etc New Delhi
Name of publisher, distributor, etc Oxford University Press
Date of publication, distribution, etc 2017
270 ## - ADDRESS
Address YMCA Library Buiding 1 Jai Singh
City New Delhi
Postal code 110001
300 ## - PHYSICAL DESCRIPTION
Extent xx,314p. :
Dimensions 23cm(Hb)
Other physical details ill.(maps)
500 ## - GENERAL NOTE
General note Includes index
700 ## - ADDED ENTRY--PERSONAL NAME
Personal name Vishal Narian
700 ## - ADDED ENTRY--PERSONAL NAME
Personal name Anjal Prakash
942 ## - ADDED ENTRY ELEMENTS (KOHA)
Source of classification or shelving scheme Dewey Decimal Classification
Item type English Books
Classification part 333.910954
Call number suffix WAT
Holdings
Withdrawn status Lost status Not for loan Collection code Home library Current library Date acquired Source of acquisition Cost, normal purchase price Full call number Barcode Copy number Cost, replacement price Koha item type
    Not For Loan Non-fiction D.B.Act.Division Bawana 27/03/2017 DBAD/PUB 895.00 333.910954 WAT EN-101119 1 895.00 English Books

© Delhi Public Library
Hit Counter
free hit counter